000 00478cam a2200181ua 4500
020 _cRs.525/-
041 _aeng
_h
082 _a030.79603
_bASH/IN
100 _aAshokkumar, .
245 _aInternational encylopedia of sports and games, Vol. 3 /
_cAshokkumar.
_hTextual Documents
250 _a1 /
_b.
260 _aNew Delhi :
_bMittal Publications ,
_c2000.
300 _a756 ; .
365 _aRs.525/-
504 _a
942 _cBK
999 _c12199
_d12199